| 000 | 00654nas a2200217 4500 | ||
|---|---|---|---|
| 001 | BR0705074 | ||
| 003 | BR-BrBNA | ||
| 005 | 20231205111138.0 | ||
| 007 | ta | ||
| 008 | 230509b bl.|||p| |||| 00| 00por d | ||
| 040 |
_aBR-BrBNA _bpor _cBiblioteca Nacional de Agricultura |
||
| 041 | _a(Pt) | ||
| 072 | _aL70 | ||
| 100 | 1 | _aFaraco, C.B. | |
| 100 | 1 | _aSeminotti, N. | |
| 245 | 1 |
_aA relação homem animal e a prática veterinária _bSuplemento Técnico |
|
| 650 | _aVETERINARIA | ||
| 773 | 0 |
_tRevista CFMV (Brazil) _xISSN 1517-6959 _g(May-Aug 2004), v. 10(32) p. 57-62 _wBR0705074 |
|
| 909 |
_a202311 _bLúcia _c55 _dLúcia Elande |
||
| 942 |
_2AGRIS _n0 _cANA |
||
| 999 |
_c190941 _d190941 |
||